26 Kantone, 26 Attraktionen - Statistiken

Allgemein
  • Dieses Quiz wurde 30 mal gespielt
  • Das Durchschnittsergebnis liegt bei 20 aus 26
Antwortstatistiken
Attraktion Kanton % Korrekt
BE Bundeshaus Bern
100%
GE Palais des Nations Genf
95%
VS Matterhorn Wallis
95%
TI Valle Verzasca Tessin
91%
LU Kapellbrücke Luzern
86%
NE Creux-du-Van Neuenburg
86%
VD Weinbaugebiet Lavaux Waadt
86%
ZH Uetliberg Zürich
86%
BL Augusta Raurica Basel-Landschaft
82%
SG Knies Kinderzoo St. Gallen
82%
FR Altstadt von Greyerz Freiburg
77%
GR Landwasserviadukt Graubünden
77%
JU Étang de la Gruère Jura
77%
NW Stanserhorn Nidwalden
77%
TG Connyland Thurgau
77%
ZG Kolinbrunnen Zug
77%
OW Flüeli-Ranft Obwalden
73%
SO St. Ursen-Kathedrale Solothurn
73%
UR Teufelsbrücke Uri
73%
AG Schloss Habsburg Aargau
68%
BS Spalentor Basel-Stadt
68%
AR Schwägalp Appenzell Ausserrhoden
68%
GL Klöntalersee Glarus
68%
SH Munot Schaffhausen
68%
SZ Hölloch Schwyz
68%
AI Gasthaus Aescher Appenzell Innerrhoden
64%
Keine übereinstimmenden Quizze gefunden
Verteilung der Resultate
Anzahl Personen mit jedem Resultat
Perzentil nach korrekt beantworteten Fragen
Ihre Resultats-Entwicklung
Sie haben dieses Quiz noch nicht gespielt